[Event "Airthings Masters MCCT Prel 2022"]
[Site "Online"]
[Date "2022.02.13"]
[Round "9.3"]
[White "Niemann, Hans Moke"]
[Black "Esipenko, Andrey"]
[Result "0-1"]
[WhiteElo "2642"]
[BlackElo "2714"]
[Annotator "TA"]
[PlyCount "118"]
[EventDate "2022.02.18"]
[EventType "tourn"]
[EventCountry "NET"]
[SourceTitle "playchess.com"]
[Source "ChessBase"]
[SourceQuality "1"]

{[%evp 9,118,17,20,7,31,0,14,12,8,0,0,-11,-22,-15,0,-6,0,0,0,-45,0,-13,-9,-18,
2,-69,21,-32,27,22,36,46,27,22,43,0,0,0,0,-35,-20,-17,-8,-10,-10,-50,-34,-37,
-30,-38,-34,-42,-40,-67,-59,-78,-60,-73,-63,-53,-61,-56,-45,-55,0,0,0,0,0,-33,
-29,-35,-25,-76,-62,-78,-72,-77,-18,-93,0,0,0,-80,-91,-404,-406,-712,-709,-682,
-663,-29972,-29973,-29973,-29974,-29974,-29975,-29970,-29971,-29976,-29977,
-29976,-29977,-5114,-1060,-29976,-29976,-29976,-29975,-29972,-29975]} 1. c4 e5
{[%cal Be7e5,Be5e4][%mdl 32]} 2. g3 c6 3. d4 e4 4. a3 d5 5. Nc3 h6 6. Bg2 {
A20: English Opening: 1...e5.} Nf6 7. f3 exf3 $1 8. Nxf3 {The position is
equal.} Be7 9. O-O O-O 10. Nh4 {[#]} dxc4 $146 ({Predecessor:} 10... Re8 11.
Nf5 Bf8 12. g4 Bxf5 13. Rxf5 dxc4 14. e4 Nbd7 15. g5 Nh7 16. gxh6 g6 {½-½ 
(42) Grischuk,A (2759)-Caruana,F (2812) Douglas 2019}) 11. e4 Bg4 12. Bf3 Bh3
13. Bg2 Bg4 14. Qd2 (14. Bf3 $1 $11 {is more appropriate.} Bh3 15. Bg2 Bg4)
14... Ne8 (14... Qd7 $1 $15 {might be stronger.}) 15. h3 Bh5 16. Qf2 Nd7 (16...
Bxh4 $5 17. gxh4 Nd7 $11) 17. Be3 ({Better is} 17. Nf5 $11) 17... Bg5 ({
Black should play} 17... Bxh4 $15 18. gxh4 Bg6) 18. Rae1 (18. Bxg5 $11 hxg5 19.
Nf5) 18... Bxe3 (18... Bxh4 $15 19. gxh4 Bg6) 19. Qxe3 $11 Qg5 20. Qxg5 $1 hxg5
21. Nf5 Nc7 {[%cal Be8c7,Bc7e6,Be6c5,Bc5d3,Bd3e5,Be5c4,Bc4d6][%mdl 32]} 22. Nd6
(22. e5 $1 $14) 22... Ne6 23. d5 Nec5 24. Nxc4 (24. e5 $5 {[%cal Re5e6]}) 24...
Nd3 25. Re3 N3e5 26. Nd6 Rab8 27. Rf2 Rfd8 28. Nf5 Nc4 29. Re1 {Strongly
threatening dxc6.} Nde5 {Hoping for ...Nd3.} 30. Bf1 {Inhibits Nd3. Black must
now prevent Bxc4.} Nd6 31. Re3 f6 32. Nd4 Bf7 33. Re1 c5 34. Nf5 Nxf5 35. Rxf5
a6 36. Na4 Rbc8 (36... Nd7 $15) 37. Nb6 Rc7 38. a4 Bg6 39. Rxe5 fxe5 40. a5 Be8
41. Bc4 (41. Kg2 $11 {remains equal.}) 41... Rd6 42. Rf1 g6 {To avoid Rf5} 43.
Rc1 Bb5 (43... Kf8 $17) 44. Kf2 (44. g4 $11) 44... Kf8 (44... Rf6+ $17 45. Kg2
Kf8) 45. Kf3 $1 Kg7 46. Ke3 (46. Kg4 $11) 46... Rf6 {And now ...Rcf7 would win.
} 47. b3 $2 {[%mdl 8192] Loses the game.} (47. Rd1 $17 {was the crucial
defense.} Rcf7 48. d6 Rf3+ 49. Kd2) 47... Rcf7 $19 {( -> ...Rf2)} 48. Bxb5 (48.
Be2 $142 Rf2 49. Nc4) 48... axb5 49. Rxc5 {[%mdl 4096] Endgame KRR-KRN} Rf3+
50. Ke2 Rf2+ $1 51. Ke1 Ra2 52. d6 {[#]} Rff2 $1 53. Nd5 {[#]} Rh2 $1 {[%cal
Rh2h1]} 54. Ne3 Rhe2+ 55. Kf1 Rxe3 56. d7 Rd2 57. Rd5 Rxd5 {Black mates.} 58.
exd5 Rf3+ 59. Ke2 Rf8 {Weighted Error Value: White=0.53/Black=0.21 (precise)}
0-1

[Event "Airthings Masters MCCT Prel 2022"]
[Site "Online"]
[Date "2022.02.13"]
[Round "9.4"]
[White "Praggnanandhaa R"]
[Black "Abdusattorov, Nodirbek"]
[Result "1/2-1/2"]
[WhiteElo "2612"]
[BlackElo "2651"]
[Annotator "TA"]
[PlyCount "127"]
[EventDate "2022.02.18"]
[EventType "tourn"]
[EventCountry "NET"]
[SourceTitle "playchess.com"]
[Source "ChessBase"]
[SourceQuality "1"]

{[%evp 19,127,10,22,18,20,14,22,30,45,28,5,0,0,-9,-8,-9,0,0,0,0,0,0,0,0,0,0,0,
0,0,0,0,-11,0,0,0,0,0,0,0,-8,0,0,0,0,0,0,0,0,53,0,0,0,0,0,0,0,0,0,0,0,0,0,0,0,
0,0,0,0,0,0,0,0,0,0,0,0,0,0,0,0,0,0,0,0,0,0,0,0,0,0,0,0,0,0,0,0,0,0,0,0,0,0,0,
0,0,0,0,0,0,0]} 1. d4 Nf6 2. c4 g6 3. Nc3 d5 4. Nf3 Bg7 5. cxd5 Nxd5 6. Na4 O-O
7. e4 Nb6 8. Be3 Bg4 9. Be2 Nxa4 {has lost popularity (9...Nc6).} 10. Qxa4 c5
11. dxc5 {D85: Exchange Grünfeld: Unusual White 7th moves and lines with 7
Nf3.} Bxb2 12. Rb1 Bc3+ 13. Kf1 Bc8 {[#]} 14. Bc4 $146 ({Predecessor:} 14. g3
Nc6 15. Kg2 Bg7 16. Rhd1 Qc7 17. Bb5 Bd7 18. Bf4 Qc8 19. Qb3 Be6 20. Qa3 {
½-½ (52) Oms Pallisse,J (2522)-Lopez Martinez,J (2557) Lleida 2009}) 14...
Nc6 15. Ke2 Bg7 16. Rhd1 Qc7 17. h3 Na5 18. Bb5 a6 19. Bd3 Be6 20. Kf1 Rfd8 21.
Kg1 h6 22. Be2 Rxd1+ 23. Rxd1 Rd8 24. Rb1 Nc6 25. Bc4 Bxc4 26. Qxc4 Rd7 27. g3
Qa5 28. Kg2 g5 29. g4 e6 30. a4 Qc3 31. Qxc3 Bxc3 32. h4 f6 33. Kf1 Bb4 (33...
a5 $11) 34. Ke2 (34. e5 $14) 34... a5 $11 {The position is equal.} 35. Rc1 Kf7
36. hxg5 hxg5 37. e5 Nxe5 38. Nxe5+ fxe5 {[%mdl 4096] Endgame KRB-KRB} 39. c6
bxc6 40. Rxc6 Kf6 41. Rc8 e4 42. Rc4 Rd3 43. Rxe4 Ra3 44. Bd4+ Kf7 45. Be3 Rxa4
46. Bxg5 Ra2+ 47. Kf3 Bd6 48. Rd4 Bc5 49. Rd7+ Kg6 50. Be3 Bxe3 51. Kxe3 {KR-KR
} a4 {[%cal Ba5a4,Ba4a3,Ba3a2][%mdl 32]} 52. Ra7 a3 53. f4 Ra1 {[#] Strongly
threatening ...a2.} 54. Kf2 a2 {( -> ...Rh1)} 55. Kg2 {Prevents Rh1.} Kf6 56.
Ra6 Kf7 57. g5 Kg7 58. Kh2 Rf1 59. Rxa2 Rxf4 60. Re2 Kg6 61. Rxe6+ Kxg5 62. Re3
Rh4+ 63. Rh3 Rxh3+ 64. Kxh3 {Weighted Error Value: White=0.02 (flawless) /
Black=0.03 (flawless)} 1/2-1/2

[Event "Airthings Masters MCCT Prel 2022"]
[Site "Online"]
[Date "2022.02.13"]
[Round "9.5"]
[White "Le, Quang Liem"]
[Black "Carlsen, Magnus"]
[Result "0-1"]
[WhiteElo "2709"]
[BlackElo "2865"]
[Annotator "TA"]
[PlyCount "124"]
[EventDate "2022.02.18"]
[EventType "tourn"]
[EventCountry "NET"]
[SourceTitle "playchess.com"]
[Source "ChessBase"]
[SourceQuality "1"]

{[%evp 24,124,4,16,18,17,27,13,23,11,19,12,19,11,12,16,47,-5,0,0,0,0,0,0,0,-20,
-16,-19,0,0,0,0,0,0,0,0,0,0,0,-6,-6,-6,-6,-65,-71,-77,-8,-8,-19,-23,-8,-10,-10,
-87,-8,-472,-203,-1095,-901,-2196,-1886,-1763,-1500,-29950,-29950,-12327,
-12675,-7055,-8064,-5098,-2817,-5092,-5081,-29974,-29976,-29976,-29975,-29975,
-29976,-29976,-29977,-29977,-29978,-29978,-29978,-29978,-29978,-29982,-29983,
-29983,-29984,-29984,-29985,-29984,-29985,-29986,-29987,-29987,-29987,-29987,
-29988,-29988,-29989]} 1. d4 d5 2. c4 e6 3. Nf3 dxc4 4. e3 Nf6 5. Bxc4 a6 6.
O-O c5 7. b3 b6 8. dxc5 Qxd1 9. Rxd1 Bxc5 10. Be2 Bb7 11. Nbd2 Nbd7 12. Nc4 O-O
13. Bb2 Rfd8 {D27: Queen's Gambit Accepted: Classical main line: 7 e4!? and 7
a4.} 14. Rac1 Kf8 $5 {[%mdl 4] [#] Leaves trodden paths.} 15. Ne1 $146 ({
Predecessor:} 15. Kf1 Bd5 16. Nce5 Nxe5 17. Nxe5 Bb7 18. g4 Nd5 19. e4 Nf6 20.
f3 h6 21. h4 {1-0 (44) Bareev,E (2665)-Svidler,P (2640) Elista 1997}) 15... Be7
{The position is equal.} 16. f3 Rac8 17. e4 b5 18. Na5 Ba8 {Threatens to win
with ...Bb4.} 19. Nd3 {Inhibits Bb4.} Nc5 20. Ba3 (20. Ne5 $1 $14 Rxd1+ 21.
Bxd1 (21. Rxd1 Ncxe4 22. fxe4 Bb4 $17)) 20... Nxd3 $11 21. Rxc8 Rxc8 22. Bxe7+
Kxe7 23. Bxd3 Nd7 24. Kf2 Ne5 {[%cal Of7f5]} 25. Ke3 f5 26. exf5 Nxd3 27. Rxd3
exf5 {[%mdl 4096] Endgame KRB-KRN} 28. b4 Rc2 {[%csl LRa2,LRg2]} 29. Rd2 f4+
30. Kd3 Rxd2+ 31. Kxd2 {KB-KN} Bd5 32. Nb3 Kd6 33. Nc5 ({White should try} 33.
Nc1 $11) 33... Bxa2 $15 34. Nxa6 {[#]} Bc4 ({Better is} 34... Kd5 $1 $17) 35.
Nc5 $11 Bf1 36. g3 fxg3 37. hxg3 Kd5 38. Kc3 (38. Ke3 $11 {remains equal.})
38... Be2 ({Black should play} 38... h6 $17) 39. f4 $2 {[%mdl 8192] Loses the
game.} (39. Nb3 $1 $11) 39... h5 (39... Bg4 $142 {And now ...h5 would win.} 40.
Nd3 Ke4) 40. Kd2 $2 (40. f5 Bg4 41. Ne6) 40... Bg4 $19 41. Kd3 Bf5+ 42. Kc3 g6
43. Nb7 {[#]} Ke4 $1 44. Nd6+ Kf3 45. Nxb5 Kxg3 {( -> ...h4)} 46. Nd6 Bd7 47.
f5 gxf5 {...f4 is the strong threat.} 48. b5 {[#]} Bxb5 $1 {[%mdl 512] Black
mates.} 49. Nxf5+ Kf4 50. Ne7 Kf3 51. Ng6 Be8 52. Nh4+ Kg4 53. Ng2 Kg3 54. Ne3
Bd7 55. Kd2 h4 {[%cal Bh5h4,Bh4h3,Bh3h2][%mdl 32]} 56. Ke1 h3 57. Nf1+ Kg2 58.
Ne3+ Kg1 59. Nd1 h2 60. Nf2 Bb5 61. Nh3+ Kg2 62. Nf2 Ba6 {Weighted Error Value:
White=0.70/Black=0.12 (very precise)} 0-1

[Event "Airthings Masters MCCT Prel 2022"]
[Site "Online"]
[Date "2022.02.13"]
[Round "9.6"]
[White "Hansen, Eric"]
[Black "Giri, Anish"]
[Result "0-1"]
[WhiteElo "2606"]
[BlackElo "2772"]
[Annotator "TA"]
[PlyCount "80"]
[EventDate "2022.02.18"]
[EventType "tourn"]
[EventCountry "NET"]
[SourceTitle "playchess.com"]
[Source "ChessBase"]
[SourceQuality "1"]

{[%evp 12,80,10,4,14,6,9,0,9,0,0,0,8,0,0,0,-7,0,33,0,0,-12,-8,-70,-18,-32,0,0,
-4,-23,9,-56,-51,-43,-43,-45,-55,-48,-58,-159,-157,-161,-156,-157,-106,-102,
-113,-112,-99,-108,-100,-122,-53,-79,-85,-228,-221,-206,-209,-339,-352,-402,
-411,-449,-437,-551,-550,-656,-656,-843,-831]} 1. e4 c5 2. Nf3 d6 3. Bb5+ Nd7
4. c3 Ngf6 5. Qe2 a6 6. Ba4 b5 7. Bc2 Bb7 {B51: Sicilian: Moscow Variation (3
Bb5+) without 3...Bd7.} 8. O-O g6 9. d4 Bg7 {The position is equal.} 10. Rd1
cxd4 $5 {[%mdl 4] A promising side line.} 11. cxd4 O-O 12. a3 Rc8 13. Nc3 Nb6
14. Bd3 {[#]} Nc4 $146 ({Predecessor:} 14... Re8 15. a4 b4 16. Nb1 a5 17. Nbd2
e6 18. Nb3 Ra8 19. Bg5 Qd7 20. Bxf6 Bxf6 {1-0 (52) Adams,M (2722)-Dominguez
Perez,L (2725) Istanbul 2012}) 15. h3 (15. a4 $5 {[%cal Ra4b5]}) 15... Qb6 16.
Bg5 h6 17. Bh4 (17. Bc1 $11) 17... e6 ({Better is} 17... Nh5 $15 18. Bxc4 (18.
Bxe7 Rfe8 $17) 18... Rxc4) 18. Bg3 Rfd8 19. Rac1 Na5 20. Bc2 b4 21. Na4 (21.
axb4 $11 Qxb4 22. Rb1) 21... Qb5 $15 22. Qxb5 axb5 23. Nb6 b3 24. Nxc8 bxc2 25.
Ne7+ (25. Rxc2 $15 Rxc8 26. Rxc8+ Bxc8 27. e5 dxe5 28. Rc1) 25... Kf8 $17 26.
Rxc2 Kxe7 27. e5 dxe5 (27... Ne8 $142 {Threatens to win with ...Bxf3.} 28.
exd6+ Nxd6 29. Rc7+ Kf8) 28. Nxe5 Nd5 {Inhibits Rc7+.} 29. Rc5 Bxe5 30. dxe5 {
[#]} Ba6 31. f4 {Black must now prevent Bh4+.} Rc8 (31... Ke8 $17 32. Bf2 Nc4)
32. Bh4+ Ke8 33. Rcxd5 {Loses the game.} (33. Rxc8+ $17 Bxc8 34. Rc1) 33...
exd5 $19 34. Rxd5 Nc4 {Inhibits Rd6.} 35. b3 (35. Bf6 $142) 35... Ne3 ({But not
} 35... Nxa3 $2 36. Rd6 Bb7 37. e6 $19) 36. Rd2 Bb7 37. g4 Nd5 {Black is
clearly winning.} 38. Rd4 Rc3 39. Kh2 Rxb3 40. a4 b4 {Weighted Error Value:
White=0.43/Black=0.12 (very precise)} 0-1

[Event "Airthings Masters MCCT Prel 2022"]
[Site "Online"]
[Date "2022.02.13"]
[Round "9.7"]
[White "Ding, Liren"]
[Black "Mamedyarov, Shakhriyar"]
[Result "1/2-1/2"]
[WhiteElo "2799"]
[BlackElo "2767"]
[Annotator "TA"]
[PlyCount "73"]
[EventDate "2022.02.18"]
[EventType "tourn"]
[EventCountry "NET"]
[SourceTitle "playchess.com"]
[Source "ChessBase"]
[SourceQuality "1"]

{[%evp 9,73,43,27,31,27,30,59,31,33,25,24,37,46,37,36,8,32,4,43,35,34,23,30,21,
28,27,26,18,10,16,20,21,13,19,55,58,56,55,55,62,55,38,71,77,65,31,35,14,10,5,7,
9,9,0,0,0,8,0,29,0,0,0,0,0,0,0]} 1. d4 d5 2. c4 c5 3. cxd5 Qxd5 4. Nf3 {
[%cal Bg1f3,Bf3d4,Bd4b3][%mdl 32]} cxd4 5. Nc3 Qa5 6. Nxd4 {D06: Queen's
Gambit: Symmetrical and Baltic Defences.} Nf6 {To avoid e4} 7. a3 (7. Nb3 Qc7
8. e4 Nc6 9. Be2 e6 10. O-O a6 11. Be3 Bd6 12. f4 e5 13. f5 O-O 14. Rc1 {
½-½ (53) Ding,L (2766)-Mamedyarov,S (2747) Huaian 2016}) 7... g6 {[#]} 8. Nb3
$146 {White is slightly better.} (8. b4 $5 {[%cal Rb4a5]} Qd8 9. Bf4 $14) ({
Predecessor:} 8. b4 Qd8 9. Bb2 Bg7 10. e3 O-O 11. Be2 Nbd7 12. O-O Nb6 13. b5
e5 14. Nb3 {1-0 (53) Girya,O (2432)-Gleizerov,E (2468) Cheliabinsk 2021}) 8...
Qh5 9. Bf4 {Black must now prevent e4.} Bg7 10. e4 {[#] Hoping for Be2.} Qxd1+
11. Rxd1 {Strongly threatening Bxb8.} O-O 12. Be2 Nc6 13. O-O (13. Bb5 {
keeps more tension.} Be6 14. Nc5 Rfc8 15. Nxe6 fxe6 16. O-O) 13... Rd8 (13...
b6 {with more complications.} 14. Bb5 Bb7 15. Nd5 Nxd5 16. exd5 Ne5) 14. Rxd8+
Nxd8 15. Rd1 Be6 16. Nc5 b6 17. Nxe6 Nxe6 18. Be3 Ne8 19. Nd5 Bxb2 20. Nxe7+
Kf8 21. Nd5 Bxa3 22. Ra1 $1 Bb2 23. Ra2 Bd4 {[#]} 24. Nxb6 $1 {[%mdl 64] Pin}
Rd8 25. Bh6+ {A strong pair of Bishops.} Bg7 26. Bxg7+ Kxg7 27. Nd5 Rd7 28. g3
Nd6 29. f3 Nd4 30. Kf2 f5 31. Bd3 fxe4 32. Bxe4 Nc6 33. Ra6 Ne5 34. Ke3 Nxe4 {
The position is equal.} 35. Kxe4 Nxf3 36. Kxf3 {And now Nf4 would win.} Rxd5
37. Rxa7+ {Weighted Error Value: White=0.07 (flawless) /Black=0.06 (flawless)}
1/2-1/2

[Event "Airthings Masters MCCT Prel 2022"]
[Site "Online"]
[Date "2022.02.13"]
[Round "9.8"]
[White "Duda, Jan-Krzysztof"]
[Black "Aronian, Levon"]
[Result "0-1"]
[WhiteElo "2760"]
[BlackElo "2772"]
[Annotator "TA"]
[PlyCount "86"]
[EventDate "2022.02.18"]
[EventType "tourn"]
[EventCountry "NET"]
[SourceTitle "playchess.com"]
[Source "ChessBase"]
[SourceQuality "1"]

{[%evp 11,86,5,44,39,30,29,39,50,45,38,47,39,47,45,40,32,43,40,38,39,47,32,57,
-102,-87,-91,-94,-110,-110,-105,-71,-109,-95,-235,-224,-262,-267,-255,-209,
-206,-191,-212,-193,-463,-198,-191,-167,-222,-245,-321,-310,-306,-293,-278,818,
818,818,810,816,-456,-456,-449,-434,-375,-375,-375,-375,-520,-520,-457,-443,
-519,-513,-505,-497,-447,-418]} 1. d4 Nf6 2. c4 e6 3. Nf3 d5 4. Nc3 Bb4 5. Bg5
dxc4 6. e4 b5 7. a4 {D39: Queen's Gambit Declined: Ragozin Defence with 5 Bg5
dxc4.} c5 $1 {[%mdl 4] is more profitable than 7...c6 at the moment.} 8. axb5
cxd4 9. Nxd4 {White is slightly better.} h6 10. Bxf6 Qxf6 11. Bxc4 O-O 12. O-O
{[%cal Oe4e5]} Bb7 {[#]} 13. Qb3 $1 {[%cal Rd4e6] Hoping for Nxe6.} Bc5 {[#]} (
13... Qe7 14. Rfd1) 14. Nxe6 fxe6 15. Bxe6+ Kh8 16. Bd5 $1 Qe7 {[#]} 17. Kh1
$146 (17. Rad1 $1 $14 {was forced to keep a grip.}) ({Predecessor:} 17. Rad1
Bb6 18. Na4 Qc7 19. Bxb7 Qxb7 20. Qe6 Ba5 21. Rd5 Qf7 22. Qxf7 Rxf7 23. Rfd1 {
1-0 (40) Basso,P (2539)-Ankit,R (2447) Cattolica 2019}) 17... Bxd5 $1 $17 (
17... Rxf2 18. Rxf2 Bxf2 19. Rf1 $16) (17... Bxf2 $2 18. Qc2 $16) 18. Nxd5 Qf7
(18... Qxe4 $6 19. Nc7 $15) 19. f4 Nd7 20. Rac1 Bb6 21. Qf3 Rad8 22. Rc6 (22.
Rcd1 $17) 22... Qe8 $19 {[%cal Od7e5] Threatens to win with ...Ne5!} 23. Rd6
Bc5 $1 24. Nc7 Qe7 ({Resist} 24... Bxd6 25. Nxe8 Rfxe8 26. e5 $16) 25. Re6 Qf7
{And now ...Nb8 would win.} 26. Qc3 {[#] Rxh6+ is the strong threat.} Bb6 $1
27. Rxh6+ Kg8 28. Rc6 Nf6 {[%cal Bd7f6,Bf6g4,Bg4e3][%mdl 32]} 29. Qc2 (29. Rxf6
$142 Qxf6 30. Qc4+ Qf7 31. Nd5) 29... Ng4 $40 {[%mdl 128] Black has strong
attack.} 30. Ne6 Ne3 $1 {[%csl LRc2,LRf1]} ({Worse is} 30... Qh5 31. h3 Ne3 32.
Qc3 $11 (32. Qb3 Nxf1 33. Nxd8+ Kh8 $17)) 31. Qe2 {aiming for Re1.} Nxf1 {
Really sharp!} 32. Qxf1 Qxe6 {[%mdl 8192]} 33. Rxe6 $18 Rxf4 {[#]} 34. Re8+ $3
{[%mdl 512]} Kh7 (34... Rxe8 35. Qxf4) 35. Qc1 $4 {[%mdl 8192] [#]} (35. Qe2
$18 {[%cal Re2h5]} Rxe8 36. Qh5+ Kg8 37. Qxe8+ Rf8 38. Qe6+ Kh7 39. Qc4) 35...
Be3 $1 $19 {[%mdl 512]} 36. Rxd8 (36. g3 Bxc1) 36... Bxc1 {[%cal Rf4f1][%mdl
4096] Endgame KRB-KR} 37. g3 Rxe4 38. Rd7 Be3 39. Kg2 Rb4 {Black is clearly
winning.} 40. Kf3 Bb6 41. Rd5 Rxb2 42. h4 Rb3+ 43. Kg2 Rc3 {Quite a comeback
for Black.  Weighted Error Value: White=0.49/Black=0.07 (flawless)} 0-1

[Event "Airthings Masters MCCT Prel 2022"]
[Site "Online"]
[Date "2022.02.13"]
[Round "10.1"]
[White "Artemiev, Vladislav"]
[Black "Aronian, Levon"]
[Result "1-0"]
[WhiteElo "2700"]
[BlackElo "2772"]
[Annotator "TA"]
[PlyCount "173"]
[EventDate "2022.02.18"]
[EventType "tourn"]
[EventCountry "NET"]
[SourceTitle "playchess.com"]
[Source "ChessBase"]
[SourceQuality "1"]

{[%evp 13,173,0,0,0,2,0,0,0,6,0,11,0,0,0,0,0,0,0,0,0,15,0,31,29,14,-20,-18,-16,
-12,-14,79,79,79,79,84,90,83,86,78,79,88,87,113,109,116,120,110,108,111,102,
103,0,106,108,116,108,108,108,108,103,104,72,108,75,108,75,108,108,108,83,98,
81,103,67,103,96,96,74,107,0,96,86,97,97,122,88,88,46,46,46,114,110,123,52,
6255,6255,6255,6255,6179,0,1654,193,6125,6103,6092,6085,29970,29972,29972,6023,
29970,0,29971,29973,29973,29974,29971,29957,29969,29970,29973,6008,5994,5994,
5983,5954,5781,5531,5427,0,5781,0,5251,0,4543,4555,29964,5137,4037,4037,3904,
3904,2958,1214,1214,0,2458,1906,7023,1214,1214,1214,29966,1112,29970,1041,
29971,0,29974,29974,29970,29967]} 1. d4 Nf6 2. c4 e6 3. Nf3 d5 4. Nc3 Bb4 5. e3
O-O 6. Bd2 b6 7. Rc1 Bb7 8. cxd5 {E51: Nimzo-Indian: Rubinstein: 4...0-0 5 Nf3
d5.} exd5 9. Bd3 Be7 10. O-O {The position is equal.} c5 11. dxc5 (11. Ne5 Nc6
12. Ne2 Rc8 13. Nxc6 Rxc6 14. dxc5 bxc5 15. Bc3 Qb8 16. Qa4 d4 17. exd4 Ng4 18.
Ng3 Rh6 19. Qd7 Rxh2 20. d5 Qf4 21. Qf5 {0-1 (83) Artemiev,V (2699)-Aronian,L 
(2782) chess24.com INT 2021}) 11... bxc5 12. Re1 Na6 13. Bb1 Rb8 14. b3 c4 {[#]
} 15. Qe2 $146 ({Predecessor:} 15. bxc4 dxc4 16. e4 Ba3 17. Bf4 Rc8 18. Nb5
Qxd1 19. Rcxd1 Bb4 20. Re2 Rfd8 21. Rc1 {½-½ (29) Reichgeld,M (2191)-Tanis,C
(2231) ICCF email 2014}) 15... Nc5 16. bxc4 dxc4 17. Nd4 Re8 18. Red1 ({
Avoid the trap} 18. Qxc4 $2 Ba6 19. Ncb5 Bxb5 20. Nxb5 Qxd2 $19) 18... Qb6 19.
Qxc4 Ba6 20. Nd5 Bxc4 21. Nxb6 Bxa2 22. Bxa2 $16 {[%cal Bb1a2,Ba2c4,Bc4e2,
Be2b5][%mdl 32]} axb6 23. Nc6 Ra8 24. Nxe7+ Rxe7 25. Bc4 Rd7 26. Bc3 Kf8 27.
Bd4 Rc8 28. Be2 Rcd8 29. Rb1 {To avoid Nb3} Nd5 30. Bb5 Rd6 {[%cal Od5c3]} 31.
Be5 {To avoid Nc3. A strong pair of Bishops.} Re6 32. Bd4 Red6 $1 {[%cal Od5c3]
Strongly threatening ...Nc3!} 33. Rdc1 {To avoid Nc3} Nc7 34. Bc4 {[%cal Ob1b6]
} ({Don't play} 34. Bxc5 bxc5 35. Be2 (35. Rxc5 $2 Nxb5 36. g4 Rd1+ 37. Rxd1
Rxd1+ $19) 35... Ne6 $14) 34... N7e6 35. Bxe6 Nxe6 36. Bxb6 Ra8 {Prevents Ba5.}
37. e4 h5 38. Be3 (38. h4 {looks sharper.} g6 39. Be3 Ra2 40. Rc8+ Ke7 41. Rbb8
) 38... g6 39. Ra1 (39. Rc4 {is more complex.} Rd7 40. h4 Rd3 41. Rb5 Ra2 42.
Kh2) 39... Rxa1 40. Rxa1 {[%mdl 4096] Endgame KRB-KRN} Kg7 41. Kf1 Rc6 42. Ra4
Rc2 43. h3 Kf6 44. g3 Kg7 45. Kg2 Rb2 46. Kf1 Rc2 $1 47. f4 Rc3 48. Ke2 {
f5 is the strong threat.} Rc2+ 49. Kf3 Rc3 50. f5 (50. e5 $16) 50... gxf5 $14
51. exf5 Nc7 (51... Ng5+ $1 $14 52. Ke2 f6) 52. Ke4 {Bd4+ would kill now.
White is more active.} Nb5 53. Bf4 {To avoid Nd6+} ({White should play} 53. Ra6
$16) 53... Ra3 $2 {[%mdl 8192]} (53... Rb3 $14 54. Kd5 Nc3+ 55. Kc4 Nxa4 56.
Kxb3 Nb6) 54. Rxa3 $18 Nxa3 {KB-KN} 55. Be5+ Kh6 56. Bf4+ (56. Bc3 $142 Nb5 57.
Bf6) 56... Kg7 57. Bc1 $2 (57. Bd2 f6 58. Bb4) 57... Nb5 (57... Nc4 58. Kd5
Nb6+ 59. Ke5 Nc4+ 60. Kd5 Nb6+ 61. Kd6 Kf6) 58. Bb2+ Kh6 59. Ke5 {Threatening
mate with Kf6.} Kg7 60. Kd5+ Kh6 61. Bc1+ (61. Kc5 $142 Nc7 62. Kc6 Na6 63. Ba3
Kg5 64. Kb7 Kxf5 65. Kxa6 Kg5 66. Kb5) 61... Kg7 62. Bb2+ Kh6 63. Kc5 Na7 64.
Bf6 Nc8 65. Kc6 Kh7 66. Bd8 Kg8 67. Kc7 (67. f6 $142 Na7+ 68. Kc5 Kh7 69. Be7
Kg6 70. Kb6 Nc8+ 71. Kb7 Nd6+ 72. Bxd6 Kxf6 73. Kc6) 67... Na7 68. Kb6 Nc8+ 69.
Kc5 Kf8 70. Bf6 Kg8 71. Kc6 $2 (71. Kd5 $18 Nb6+ 72. Kc6) 71... Na7+ $2 {
[%mdl 8192]} (71... Kh7 $11 72. g4 hxg4 73. hxg4 Kg8) 72. Kc5 Nc8 $1 73. Bd8 $2
(73. Kd5 $18 Nb6+ 74. Kc6) 73... Kg7 $2 {[%mdl 8192]} (73... Kf8 $11) 74. Kd5
Na7 75. Bb6 (75. Be7 $142 Nb5 76. Ke5 Nc3 77. Bf6+ Kh6 78. g4 hxg4 79. hxg4 Ne2
80. Ke4) 75... Nb5 76. Kc6 Na3 77. Bd4+ Kh6 78. Be3+ (78. Kd5 $142 Kg5 79. Bc5)
78... Kg7 79. Bd4+ (79. Kd5 $142 Nb5 80. Ke5) 79... Kh6 80. Kd5 {Threatens to
win with Be3+.} Nb5 81. Be3+ (81. Kc5 $142 Na3 82. Bf2) 81... Kh7 82. Bd2 {
White threatens Bb4 and mate.} Kg7 83. Kc5 (83. Bb4 $142 f6 84. Kc5 Nc7 85. Kc6
Na6 86. Bd6 Kh6 87. Bf4+ Kh7 88. Kb5) 83... Na7 84. Bc3+ (84. Bb4 $142 Kf6 85.
Kb6 Nc8+ 86. Kc7 Na7 87. Bc5 Nb5+ 88. Kc6 Kxf5 89. Kxb5) 84... Kh6 85. Bf6 $2 (
85. Bb4 {mates} Kg5 86. Kb6 Kxf5 87. Kxa7 Ke4 88. h4 Kf3 89. Bd6 Ke4 90. Kb6)
85... Kh7 $2 {[%mdl 8192] [#]} (85... Nc8 $11 86. g4 Kh7 87. gxh5 Kh6) 86. Be7
Nc8 87. f6 {Weighted Error Value: White=0.44/Black=0.27 (precise)} 1-0

[Event "Airthings Masters MCCT Prel 2022"]
[Site "Online"]
[Date "2022.02.13"]
[Round "10.2"]
[White "Mamedyarov, Shakhriyar"]
[Black "Duda, Jan-Krzysztof"]
[Result "1/2-1/2"]
[WhiteElo "2767"]
[BlackElo "2760"]
[Annotator "TA"]
[PlyCount "35"]
[EventDate "2022.02.18"]
[EventType "tourn"]
[EventCountry "NET"]
[SourceTitle "playchess.com"]
[Source "ChessBase"]
[SourceQuality "1"]

{[%evp 11,35,0,0,-27,-39,-44,-24,-32,-33,-43,-20,-52,-42,-41,-47,-51,0,0,0,0,0,
0,0,0,0,0]} 1. d4 d5 2. c4 c6 3. Nf3 Nf6 4. Nc3 dxc4 5. a4 e6 6. e4 Bb4 7. Bxc4
{D31: Queen's Gambit Declined: Semi-Slav without ...Nf6 (+ Marshall Gambit and
Noteboom) and Exchange Variation lines without ...Nf6.} Nxe4 $1 8. O-O Nf6 9.
Bg5 {[#] Black has an edge.} h6 $146 ({Predecessor:} 9... O-O 10. Bd3 Be7 11.
Re1 Nbd7 12. Qe2 b6 13. Rad1 Bb7 14. Bb1 Nd5 15. Qe4 g6 {½-½ (37) Gozzoli,Y 
(2602)-Yu,R (2497) Chess.com INT 2021}) 10. Bh4 Be7 11. Ne5 Nbd7 12. Nxf7 Kxf7
13. Bxe6+ $1 {[%mdl 64] [#] Decoy} Kxe6 (13... Kf8 $1 $15) 14. Qb3+ $1 $11 {
The position is equal.} Kf5 $1 15. Qc2+ Ke6 $1 16. Qb3+ $1 Kf5 $1 17. Qc2+ Ke6
$1 18. Qb3+ $1 {Weighted Error Value: White=0.04 (flawless) /Black=0.05 
(flawless)} 1/2-1/2